000 00333 a2200157 4500
001 67879
020 _a9788587478276
040 _cAnchieta - Pituba
100 _aOliviera, Rachel de
240 1 0 _aTramas da cor
_lpor
245 1 0 _aTramas da cor
300 _a110
362 0 _a2005
650 4 _aLiteratura juvenil
942 _cBK
999 _c67879
_d67879